| 000 | 01202 am a2200313 a 4500 | ||
|---|---|---|---|
| 005 | 20240529103845.0 | ||
| 008 | 101105s1996||||ck a f |||| 001 0 spa d | ||
| 020 | _a9589181309 | ||
| 041 | _aspa | ||
| 092 |
_c616.075 _l3 _sANG |
||
| 100 | 1 |
_aÁngel Mejía, Gilberto. _9663 |
|
| 245 |
_aInterpretación clínica del laboratorio / _cGilberto Ángel Mejía |
||
| 250 | _a5a ed. 1a reimp. | ||
| 260 |
_aBogota [Colombia]: _bEditorial Médica Panamericana; _c1996. |
||
| 300 | _a664 p. | ||
| 500 | _aÁngel Mejía, G. y Ángel Ramelli, M. (1996). Interpretación clínica del laboratorio. (5a ed.). Bogotá : Editorial Médica Panamericana. | ||
| 590 | _aDonación de Elena de Roso. Noviembre 2010. | ||
| 653 | _aComprimidos de laboratorios | ||
| 653 | _aCifras usuales en laboratorio | ||
| 653 | _aDiferentes preservativos para la orina | ||
| 653 | _aTipo de sangre en muestras analizadas | ||
| 653 | _aCifras internacionales normales en laboratorio | ||
| 653 | _aValores normales en veterinaria | ||
| 653 | _aIndice de abreviaturas más usuales | ||
| 653 | _aAbreviaturas de anticuerpos y antígenos | ||
| 700 | 1 |
_aAngel Ramelli, Mauricio. _9664 |
|
| 930 | _a2177 | ||
| 942 |
_2ddc _cBK |
||
| 999 |
_c798 _d798 |
||